|
|
|
|
| LEADER |
02902nam a2200613 i 4500 |
| 001 |
nkc20162859919 |
| 003 |
CZ PrNK |
| 005 |
20200311130830.0 |
| 007 |
ta |
| 008 |
161206s2016 xr e p 000 0 cze |
| 015 |
|
|
|a cnb002859919
|
| 020 |
|
|
|a 978-80-210-8366-0
|q (brožováno)
|
| 035 |
|
|
|a (OCoLC)972597407
|
| 040 |
|
|
|a BOA001
|b cze
|d ABA001
|e rda
|
| 043 |
|
|
|a e-xr---
|
| 072 |
|
7 |
|a 349
|x Pracovní, sociální, stavební právo. Právo životního prostředí
|2 Konspekt
|9 16
|
| 072 |
|
7 |
|a 37.016
|x Učební osnovy. Vyučovací předměty. Učebnice
|2 Konspekt
|9 22
|
| 080 |
|
|
|a 349.6
|2 MRF
|
| 080 |
|
|
|a 502.17
|2 MRF
|
| 080 |
|
|
|a (437.3)
|2 MRF
|
| 080 |
|
|
|a (075.8)
|2 MRF
|
| 100 |
1 |
|
|a Jančářová, Ilona,
|d 1959-
|7 xx0019521
|4 aut
|
| 245 |
1 |
0 |
|a Právo životního prostředí: obecná část /
|c Ilona Jančářová a kolektiv
|
| 250 |
|
|
|a 1. vydání
|
| 264 |
|
1 |
|a Brno :
|b Masarykova univerzita,
|c 2016
|
| 300 |
|
|
|a 715 stran ;
|c 21 cm
|
| 336 |
|
|
|a text
|b txt
|2 rdacontent
|
| 337 |
|
|
|a bez média
|b n
|2 rdamedia
|
| 338 |
|
|
|a svazek
|b nc
|2 rdacarrier
|
| 490 |
1 |
|
|a Učebnice Právnické fakulty MU ;
|v sv. č. 531
|
| 500 |
|
|
|a Na obálce nad názvem: Masarykova univerzita, Právnická fakulta, katedra práva životního prostředí a pozemkového práva
|
| 504 |
|
|
|a Obsahuje bibliografie a bibliografické odkazy
|
| 650 |
0 |
7 |
|a právo životního prostředí
|7 ph115918
|2 czenas
|
| 650 |
0 |
7 |
|a ochrana životního prostředí
|7 ph115553
|2 czenas
|
| 650 |
0 |
7 |
|a právo životního prostředí
|7 ph115918
|z Česko
|2 czenas
|
| 650 |
0 |
7 |
|a ochrana životního prostředí
|7 ph115553
|z Česko
|2 czenas
|
| 650 |
0 |
9 |
|a environmental law
|2 eczenas
|
| 650 |
0 |
9 |
|a environmental protection
|2 eczenas
|
| 650 |
0 |
9 |
|a environmental law
|z Czechia
|2 eczenas
|
| 650 |
0 |
9 |
|a environmental protection
|z Czechia
|2 eczenas
|
| 655 |
|
7 |
|a učebnice vysokých škol
|7 fd133772
|2 czenas
|
| 655 |
|
9 |
|a textbooks (higher)
|2 eczenas
|
| 710 |
2 |
|
|a Masarykova univerzita.
|b Katedra práva životního prostředí a pozemkového práva
|7 mzk2014811298
|4 isb
|
| 810 |
2 |
|
|a Masarykova univerzita.
|b Právnická fakulta.
|t Učebnice
|0 s
|
| 910 |
2 |
|
|a BOA001
|b 2-1379.489
|
| 990 |
|
|
|a BK
|
| 995 |
|
|
|a 01
|
| 991 |
|
|
|b 201701
|c NOV
|
| 996 |
6 |
|
|b 2610691345
|c 2-1379.489
|l MZK
|r Sklad / do 1 hodiny
|n 31
|p p.v.
|w 001593334
|u 000010
|a 1
|e BOA001
|j MZK50
|s P
|
| 996 |
7 |
|
|b 2610691346
|c 2-1379.489
|l Vol.výběr
|r VV 0p
|n 28
|p p.v.
|h 349 JAN
|w 001593334
|u 000020
|a 0
|e BOA001
|j MZK50
|s A
|
| 996 |
7 |
|
|b 2610696312
|c 2-1379.489
|l Vol.výběr
|r VV 0p
|n 22
|p kup
|h 349 JAN
|w 001593334
|u 000030
|a 0
|e BOA001
|j MZK50
|s A
|
| 996 |
7 |
|
|b 2610705545
|c 2-1379.489
|l Vol.výběr
|r VV 0p
|n 30
|p kup
|h 349 JAN
|w 001593334
|u 000040
|a 0
|e BOA001
|j MZK50
|s A
|
| 996 |
7 |
|
|b 2610817736
|c 2-1379.489
|l Vol.výběr
|r VV 0p
|n 15
|p kup
|h 349 JAN
|w 001593334
|u 000050
|a 0
|e BOA001
|j MZK50
|s A
|
| 996 |
7 |
|
|b 2610817737
|c 2-1379.489
|l Vol.výběr
|r VV 0p
|n 12
|p kup
|h 349 JAN
|w 001593334
|u 000060
|a 0
|e BOA001
|j MZK50
|s A
|